Tiếng anh dành cho trẻ em special gift

Enregistré dans:
Détails bibliographiques
Format: Livre
Langue:Undetermined
Publié: Thành phố Hồ Chí Minh Thanh Niên 2004
Sujets:
Tags: Ajouter un tag
Pas de tags, Soyez le premier à ajouter un tag!
Thư viện lưu trữ: Trung tâm Học liệu Trường Đại học Cần Thơ
LEADER 00451nam a2200157Ia 4500
001 CTU_63870
008 210402s9999 xx 000 0 und d
082 |a 428.24 
082 |b T306/No.4 
245 0 |a Tiếng anh dành cho trẻ em special gift 
260 |a Thành phố Hồ Chí Minh 
260 |b Thanh Niên 
260 |c 2004 
650 |a English language 
904 |i Năm 
980 |a Trung tâm Học liệu Trường Đại học Cần Thơ